000 00490cam a22001934a 4500
005 20250605164151.0
008 250528s ||||||||||||||||||||||||d
035 _a19403
020 _a9602863730
040 _aGR-AtMCL
_bgre
_dGR-AtMCL
_eAACR2
245 1 _aΞΕΝΟΔΟΧΕΙΟ ΔΙΟΙΚΗΣΗ & ΛΕΙΤΟΥΡΓΙΕΣ
250 _a1
260 _bΈλλην,
_c1999
300 _a494
700 1 _aRutherford Denney G
_95652
942 _cBK
999 _c4659
_d4659